| 000 | 00459pam a2200157a 44500 | ||
|---|---|---|---|
| 008 | 230515b1985 xxu||||| |||| 00| 0 eng d | ||
| 020 | _aNULL | ||
| 041 | _aENGL | ||
| 082 | _a306.3 SHA. | ||
| 100 | _a"SHARMA R. N.,SHARMA R. K.," | ||
| 245 | _aINTRODUCTORY INDUSTRIAL SOCIOLOGY | ||
| 250 | _a0 | ||
| 260 |
_aBOMBAY _bMEDIA PROMOTERS AND PUBLISHERS PVT LTD _c1985 |
||
| 300 | _aVIII+440 | ||
| 650 | _a"SOCIOLOGY,INDUSTRIAL SOCIOLOGY,INDUSTRIAL ORGANISATION" | ||
| 999 |
_c537496 _d537496 |
||